Basic Electronics: Soild State (Record no. 4572)
[ view plain ]
| 000 -LEADER | |
|---|---|
| fixed length control field | 00442 a2200169 4500 |
| 020 ## - INTERNATIONAL STANDARD BOOK NUMBER | |
| International Standard Book Number | 8121902592 |
| 022 ## - INTERNATIONAL STANDARD SERIAL NUMBER | |
| International Standard Serial Number | 8121902592 |
| 040 ## - CATALOGING SOURCE | |
| Original cataloging agency | DLC |
| 082 ## - DEWEY DECIMAL CLASSIFICATION NUMBER | |
| Classification number | 621.381 |
| 100 ## - MAIN ENTRY--PERSONAL NAME | |
| Personal name | Theraja, B.L |
| 245 ## - TITLE STATEMENT | |
| Title | Basic Electronics: Soild State |
| Medium | B.L.Tehraja |
| 260 ## - PUBLICATION, DISTRIBUTION, ETC. | |
| Place of publication, distribution, etc. | New Delhi : |
| Name of publisher, distributor, etc. | S Chand & Company Ltd., |
| Date of publication, distribution, etc. | 1998. |
| 300 ## - PHYSICAL DESCRIPTION | |
| Extent | xvii, 636 p. : |
| Other physical details | ill. ; |
| Dimensions | 24 cm. |
| 500 ## - GENERAL NOTE | |
| General note | Includes Index |
| 650 ## - SUBJECT ADDED ENTRY--TOPICAL TERM | |
| Topical term or geographic name entry element | Electronics |
| 942 ## - ADDED ENTRY ELEMENTS (KOHA) | |
| Koha item type | Book |
| Call number prefix | 621.381 THE |
| Source of classification or shelving scheme | |
| Withdrawn status | Lost status | Damaged status | Not for loan | Collection code | Permanent Location | Current Location | Shelving location | Date acquired | Source of acquisition | Cost, normal purchase price | Total Checkouts | Full call number | Barcode | Date last seen | Date last checked out | Price effective from | Koha item type | Total Renewals |
|---|---|---|---|---|---|---|---|---|---|---|---|---|---|---|---|---|---|---|
| Central Library (CL) | Central Library (CL) | General Stacks | 03/24/2005 | Allied Book Company | 286.06 | 1 | 621.381 THE | SEECS005469 | 03/15/2022 | 03/04/2022 | 01/05/2017 | Book | ||||||
| Central Library (CL) | Central Library (CL) | General Stacks | 04/13/2002 | Book Fair | 137.75 | 621.381 THE | SEECS002021 | 09/28/2020 | 01/05/2017 | Book | 1 | |||||||
| Central Library (CL) | Central Library (CL) | General Stacks | 03/24/2005 | Allied Book Company | 286.06 | 621.381 THE | SEECS005470 | 12/23/2024 | 01/05/2017 | Book |
